<?xml version="1.0" encoding="UTF-8"?>
<record
    xmlns:xsi="http://www.w3.org/2001/XMLSchema-instance"
    xsi:schemaLocation="http://www.loc.gov/MARC21/slim http://www.loc.gov/standards/marcxml/schema/MARC21slim.xsd"
    xmlns="http://www.loc.gov/MARC21/slim">

  <leader>00620nam a22001577a 4500</leader>
  <controlfield tag="003">OSt</controlfield>
  <controlfield tag="005">20151201102236.0</controlfield>
  <controlfield tag="008">151201b        xxu||||| |||| 00| 0 eng d</controlfield>
  <datafield tag="040" ind1=" " ind2=" ">
    <subfield code="c">RUA</subfield>
  </datafield>
  <datafield tag="082" ind1=" " ind2=" ">
    <subfield code="a">FIS OR 2000 B172 Or.1</subfield>
  </datafield>
  <datafield tag="100" ind1=" " ind2=" ">
    <subfield code="9">4058</subfield>
    <subfield code="a">OR, NAVY.</subfield>
  </datafield>
  <datafield tag="245" ind1=" " ind2=" ">
    <subfield code="a">survey of small scale aquaculture in kompong speu province (&#x1780;&#x17B6;&#x179A;&#x179F;&#x17D2;&#x179A;&#x1784;&#x17CB;&#x1796;&#x17CF;&#x178F;&#x1798;&#x17B6;&#x1793;&#x1793;&#x17C3;&#x1780;&#x17B6;&#x179A;&#x1785;&#x17B7;&#x1789;&#x17D2;&#x1785;&#x17B9;&#x1798;&#x178F;&#x17D2;&#x179A;&#x17B8;&#x1791;&#x17D2;&#x179A;&#x1784;&#x17CB;&#x1791;&#x17D2;&#x179A;&#x17B6;&#x1799;&#x178F;&#x17BC;&#x1785;&#x179A;&#x1794;&#x179F;&#x17CB;&#x1780;&#x179F;&#x17B7;&#x1780;&#x179A;&#x1793;&#x17C5;&#x1781;&#x17C1;&#x178F;&#x17D2;&#x178F;&#x1780;&#x17C6;&#x1796;&#x1784;&#x17CB;&#x179F;&#x17D2;&#x1796;&#x17BA;)</subfield>
  </datafield>
  <datafield tag="260" ind1=" " ind2=" ">
    <subfield code="a">Phnom Penh</subfield>
    <subfield code="b">RUA</subfield>
    <subfield code="c">2000</subfield>
  </datafield>
  <datafield tag="300" ind1=" " ind2=" ">
    <subfield code="a">43p.</subfield>
    <subfield code="b">ill.</subfield>
    <subfield code="c">29cm.</subfield>
  </datafield>
  <datafield tag="942" ind1=" " ind2=" ">
    <subfield code="2">ddc</subfield>
    <subfield code="c">FIS</subfield>
  </datafield>
  <datafield tag="999" ind1=" " ind2=" ">
    <subfield code="c">3777</subfield>
    <subfield code="d">3777</subfield>
  </datafield>
  <datafield tag="952" ind1=" " ind2=" ">
    <subfield code="0">0</subfield>
    <subfield code="1">0</subfield>
    <subfield code="2">ddc</subfield>
    <subfield code="4">0</subfield>
    <subfield code="6">FIS_OR_2000_000000000000000_B172_OR_1</subfield>
    <subfield code="7">0</subfield>
    <subfield code="9">19039</subfield>
    <subfield code="a">LBB</subfield>
    <subfield code="b">LBB</subfield>
    <subfield code="c">B172</subfield>
    <subfield code="d">2015-12-01</subfield>
    <subfield code="o">FIS OR 2000 B172 Or.1</subfield>
    <subfield code="p">RUA025663</subfield>
    <subfield code="r">2015-12-01</subfield>
    <subfield code="w">2015-12-01</subfield>
    <subfield code="y">FIS</subfield>
  </datafield>
  <datafield tag="952" ind1=" " ind2=" ">
    <subfield code="0">0</subfield>
    <subfield code="1">0</subfield>
    <subfield code="2">ddc</subfield>
    <subfield code="4">0</subfield>
    <subfield code="6">FIS_OR_2000_000000000000000_B172_OR_2</subfield>
    <subfield code="7">0</subfield>
    <subfield code="9">19040</subfield>
    <subfield code="a">LBB</subfield>
    <subfield code="b">LBB</subfield>
    <subfield code="c">B172</subfield>
    <subfield code="d">2015-12-01</subfield>
    <subfield code="o">FIS OR 2000 B172 Or.2</subfield>
    <subfield code="p">RUA025945</subfield>
    <subfield code="r">2015-12-01</subfield>
    <subfield code="w">2015-12-01</subfield>
    <subfield code="y">FIS</subfield>
  </datafield>
  <datafield tag="952" ind1=" " ind2=" ">
    <subfield code="0">0</subfield>
    <subfield code="1">0</subfield>
    <subfield code="2">ddc</subfield>
    <subfield code="4">0</subfield>
    <subfield code="6">FIS_OR_2000_000000000000000_B172_OR_3</subfield>
    <subfield code="7">0</subfield>
    <subfield code="9">19041</subfield>
    <subfield code="a">LBB</subfield>
    <subfield code="b">LBB</subfield>
    <subfield code="c">B172</subfield>
    <subfield code="d">2015-12-01</subfield>
    <subfield code="o">FIS OR 2000 B172 Or.3</subfield>
    <subfield code="p">RUA025873</subfield>
    <subfield code="r">2015-12-01</subfield>
    <subfield code="w">2015-12-01</subfield>
    <subfield code="y">FIS</subfield>
  </datafield>
  <datafield tag="952" ind1=" " ind2=" ">
    <subfield code="0">0</subfield>
    <subfield code="1">0</subfield>
    <subfield code="2">ddc</subfield>
    <subfield code="4">0</subfield>
    <subfield code="6">FIS_OR_2000_000000000000000_B172_OR_4</subfield>
    <subfield code="7">0</subfield>
    <subfield code="9">19042</subfield>
    <subfield code="a">LBB</subfield>
    <subfield code="b">LBB</subfield>
    <subfield code="c">B172</subfield>
    <subfield code="d">2015-12-01</subfield>
    <subfield code="o">FIS OR 2000 B172 Or.4</subfield>
    <subfield code="p">RUA025801</subfield>
    <subfield code="r">2015-12-01</subfield>
    <subfield code="w">2015-12-01</subfield>
    <subfield code="y">FIS</subfield>
  </datafield>
  <datafield tag="952" ind1=" " ind2=" ">
    <subfield code="0">0</subfield>
    <subfield code="1">0</subfield>
    <subfield code="2">ddc</subfield>
    <subfield code="4">0</subfield>
    <subfield code="6">FIS_OR_2000_000000000000000_B172_OR_5</subfield>
    <subfield code="7">0</subfield>
    <subfield code="9">19043</subfield>
    <subfield code="a">LBB</subfield>
    <subfield code="b">LBB</subfield>
    <subfield code="c">B172</subfield>
    <subfield code="d">2015-12-01</subfield>
    <subfield code="o">FIS OR 2000 B172 Or.5</subfield>
    <subfield code="p">RUA025729</subfield>
    <subfield code="r">2015-12-01</subfield>
    <subfield code="w">2015-12-01</subfield>
    <subfield code="y">FIS</subfield>
  </datafield>
  <datafield tag="952" ind1=" " ind2=" ">
    <subfield code="0">0</subfield>
    <subfield code="1">0</subfield>
    <subfield code="2">ddc</subfield>
    <subfield code="4">0</subfield>
    <subfield code="6">FIS_OR_2000_000000000000000_B172_OR_6</subfield>
    <subfield code="7">0</subfield>
    <subfield code="9">19044</subfield>
    <subfield code="a">LBB</subfield>
    <subfield code="b">LBB</subfield>
    <subfield code="c">B172</subfield>
    <subfield code="d">2015-12-01</subfield>
    <subfield code="o">FIS OR 2000 B172 Or.6</subfield>
    <subfield code="p">RUA025657</subfield>
    <subfield code="r">2015-12-01</subfield>
    <subfield code="w">2015-12-01</subfield>
    <subfield code="y">FIS</subfield>
  </datafield>
  <datafield tag="952" ind1=" " ind2=" ">
    <subfield code="0">0</subfield>
    <subfield code="1">0</subfield>
    <subfield code="2">ddc</subfield>
    <subfield code="4">0</subfield>
    <subfield code="6">FIS_OR_2000_000000000000000_B172_OR_7</subfield>
    <subfield code="7">0</subfield>
    <subfield code="9">19045</subfield>
    <subfield code="a">LBB</subfield>
    <subfield code="b">LBB</subfield>
    <subfield code="c">B172</subfield>
    <subfield code="d">2015-12-01</subfield>
    <subfield code="o">FIS OR 2000 B172 Or.7</subfield>
    <subfield code="p">RUA025585</subfield>
    <subfield code="r">2015-12-01</subfield>
    <subfield code="w">2015-12-01</subfield>
    <subfield code="y">FIS</subfield>
  </datafield>
  <datafield tag="952" ind1=" " ind2=" ">
    <subfield code="0">0</subfield>
    <subfield code="1">0</subfield>
    <subfield code="2">ddc</subfield>
    <subfield code="4">0</subfield>
    <subfield code="6">FIS_OR_2000_000000000000000_B172_OR_8</subfield>
    <subfield code="7">0</subfield>
    <subfield code="9">19046</subfield>
    <subfield code="a">LBB</subfield>
    <subfield code="b">LBB</subfield>
    <subfield code="c">B172</subfield>
    <subfield code="d">2015-12-01</subfield>
    <subfield code="o">FIS OR 2000 B172 Or.8</subfield>
    <subfield code="p">RUA025591</subfield>
    <subfield code="r">2015-12-01</subfield>
    <subfield code="w">2015-12-01</subfield>
    <subfield code="y">FIS</subfield>
  </datafield>
  <datafield tag="952" ind1=" " ind2=" ">
    <subfield code="0">0</subfield>
    <subfield code="1">0</subfield>
    <subfield code="2">ddc</subfield>
    <subfield code="4">0</subfield>
    <subfield code="6">FIS_OR_2000_000000000000000_B172_OR_9</subfield>
    <subfield code="7">0</subfield>
    <subfield code="9">19047</subfield>
    <subfield code="a">LBB</subfield>
    <subfield code="b">LBB</subfield>
    <subfield code="c">B172</subfield>
    <subfield code="d">2015-12-01</subfield>
    <subfield code="o">FIS OR 2000 B172 Or.9</subfield>
    <subfield code="p">RUA025519</subfield>
    <subfield code="r">2015-12-01</subfield>
    <subfield code="w">2015-12-01</subfield>
    <subfield code="y">FIS</subfield>
  </datafield>
  <datafield tag="952" ind1=" " ind2=" ">
    <subfield code="0">0</subfield>
    <subfield code="1">0</subfield>
    <subfield code="2">ddc</subfield>
    <subfield code="4">0</subfield>
    <subfield code="6">FIS_OR_2000_000000000000000_B172_OR_10</subfield>
    <subfield code="7">0</subfield>
    <subfield code="9">19048</subfield>
    <subfield code="a">LBB</subfield>
    <subfield code="b">LBB</subfield>
    <subfield code="c">B172</subfield>
    <subfield code="d">2015-12-01</subfield>
    <subfield code="o">FIS OR 2000 B172 Or.10</subfield>
    <subfield code="p">RUA025513</subfield>
    <subfield code="r">2015-12-01</subfield>
    <subfield code="w">2015-12-01</subfield>
    <subfield code="y">FIS</subfield>
  </datafield>
  <datafield tag="952" ind1=" " ind2=" ">
    <subfield code="0">0</subfield>
    <subfield code="1">0</subfield>
    <subfield code="2">ddc</subfield>
    <subfield code="4">0</subfield>
    <subfield code="6">FIS_OR_2000_000000000000000_B172_OR_11</subfield>
    <subfield code="7">0</subfield>
    <subfield code="9">19049</subfield>
    <subfield code="a">LBB</subfield>
    <subfield code="b">LBB</subfield>
    <subfield code="c">B172</subfield>
    <subfield code="d">2015-12-01</subfield>
    <subfield code="o">FIS OR 2000 B172 Or.11</subfield>
    <subfield code="p">RUA025526</subfield>
    <subfield code="r">2015-12-01</subfield>
    <subfield code="w">2015-12-01</subfield>
    <subfield code="y">FIS</subfield>
  </datafield>
</record>
